| 000 | 00896cam a2200265 a 4500 | ||
|---|---|---|---|
| 001 | 219 | ||
| 003 | BR-CuiBMT | ||
| 005 | 20231117223438.0 | ||
| 008 | 230831s2020 mgba 000 0 por d | ||
| 020 | _a9786555180671 | ||
| 040 |
_aBR-CuiBMT _cBR-CuiBMT |
||
| 080 |
_22007 _a342.8 |
||
| 090 |
_a342.8 _bC837c _c2. ed. |
||
| 100 | 1 | _aCosta, Daniel Castro Gomes da | |
| 245 | 1 | 0 |
_aCurso de direito processual eleitoral / _cDaniel Castro Gomes da Costa. |
| 250 | _a2. ed., rev., ampl. e atual. | ||
| 260 |
_aBelo Horizonte : _bFórum, _c2020. |
||
| 300 |
_a881 p. : _bil. ; _c24 cm |
||
| 500 | _aConforme: Emenda Constitucional nº 97 de 2017, Emenda Constitucional nº 107 de 2020, Resolução TSE - Eleições 2020. | ||
| 504 | _aInclui bibliografia. | ||
| 650 |
_aDireito eleitoral _zBrasil |
||
| 650 |
_aSistema eleitoral _zBrasil |
||
| 650 |
_aJustiça eleitoral _zBrasil |
||
| 942 |
_2udc _cLV |
||
| 999 |
_c219 _d219 |
||